Star Academy - Candidats de la saison 11 (2023-24) - Statistiques

Statistiques générales
  • Ce quiz a été pris 1 832 fois
  • Le résultat moyen est 12 sur 13
Statistiques - réponses
Académiciens % Correct
Héléna
99%
Pierre
99%
Julien
98%
Lénie
98%
Axel
96%
Candice
94%
Clara
94%
Djebril
94%
Margot
93%
Victorien
93%
Louis
92%
Lola
90%
Marie-Maud
90%
Aucun quiz correspondant
Distribution des résultats
% des personnes avec chaque résultat
Percentile par nombre de réponses
Votre historique - résultats
Vous n’avez pas pris ce quiz